<?xml version="1.0" encoding="UTF-8"?>
<record
    xmlns:xsi="http://www.w3.org/2001/XMLSchema-instance"
    xsi:schemaLocation="http://www.loc.gov/MARC21/slim http://www.loc.gov/standards/marcxml/schema/MARC21slim.xsd"
    xmlns="http://www.loc.gov/MARC21/slim">

  <leader>02504nac a2200265 a 4500</leader>
  <controlfield tag="003">CO-PeBPM</controlfield>
  <controlfield tag="005">20250721165057.0</controlfield>
  <controlfield tag="008">250721s2024    ck ao||| |||| 00| 0 spa d</controlfield>
  <datafield tag="020" ind1=" " ind2=" ">
    <subfield code="a">ISBN: 9789589223130</subfield>
  </datafield>
  <datafield tag="040" ind1=" " ind2=" ">
    <subfield code="a">CO-PeBPM</subfield>
    <subfield code="b">spa</subfield>
    <subfield code="c">CO-PeBPM</subfield>
    <subfield code="e">rda</subfield>
  </datafield>
  <datafield tag="041" ind1=" " ind2=" ">
    <subfield code="a">spa</subfield>
  </datafield>
  <datafield tag="082" ind1="0" ind2="4">
    <subfield code="a">363.11 A596a</subfield>
    <subfield code="2">22</subfield>
  </datafield>
  <datafield tag="245" ind1="1" ind2="0">
    <subfield code="a">El Anhelo de un Abrazo </subfield>
    <subfield code="b">: Una historia del cuidado y de la Seguridad y Salud en el Trabajo</subfield>
    <subfield code="c"> / Grupo de investigaci&#xF3;n Juan Pablo Parra Duque... [y otros tres]; revisi&#xF3;n t&#xE9;cnica Jacqueline Mesa Sierra y Carolina Antolinez Figueroa</subfield>
  </datafield>
  <datafield tag="250" ind1=" " ind2=" ">
    <subfield code="a">Primera edici&#xF3;n</subfield>
  </datafield>
  <datafield tag="260" ind1=" " ind2=" ">
    <subfield code="a">Bogot&#xE1;, Colombia </subfield>
    <subfield code="b"> : Consejo Colombiano de Seguridad (CCS)</subfield>
    <subfield code="c">, 2024</subfield>
  </datafield>
  <datafield tag="300" ind1=" " ind2=" ">
    <subfield code="a">235 p&#xE1;ginas</subfield>
    <subfield code="b">ilustraciones, fotograf&#xED;as en blanco y negro</subfield>
    <subfield code="c">23 cent&#xED;metros</subfield>
  </datafield>
  <datafield tag="500" ind1=" " ind2=" ">
    <subfield code="a">Incluye &#xED;ndice</subfield>
  </datafield>
  <datafield tag="500" ind1=" " ind2=" ">
    <subfield code="a">Incluye referencia de im&#xE1;genes</subfield>
  </datafield>
  <datafield tag="504" ind1=" " ind2=" ">
    <subfield code="a">Incluye referencias bibliogr&#xE1;ficas</subfield>
  </datafield>
  <datafield tag="520" ind1=" " ind2=" ">
    <subfield code="a">El Anhelo de un Abrazo, como su t&#xED;tulo lo anticipa, integra la aspiraci&#xF3;n fundamental de fundirnos, al final de cada jornada laboral, en un c&#xE1;lido reencuentro con nosotros mismos, con nuestros seres queridos y con nuestro preciado planeta, pero tambi&#xE9;n invita a abrazar un compromiso con el bienestar, la prosperidad y la felicidad de las generaciones presentes y futuras. &#x93;Este libro es un legado del CCS para estudiantes, profesionales, amantes del cuidado y del bienestar o simples curiosos de esta maravillosa narraci&#xF3;n que se viene tejiendo desde los albores de la humanidad y que, hoy por hoy, seguimos construyendo porque no existe mayor riqueza que la vida... Tomado de: https://acortar.link/VmZz9KEl Anhelo de un Abrazo, como su t&#xED;tulo lo anticipa, integra la aspiraci&#xF3;n fundamental de fundirnos, al final de cada jornada laboral, en un c&#xE1;lido reencuentro con nosotros mismos, con nuestros seres queridos y con nuestro preciado planeta, pero tambi&#xE9;n invita a abrazar un compromiso con el bienestar, la prosperidad y la felicidad de las generaciones presentes y futuras. &#x93;Este libro es un legado del CCS para estudiantes, profesionales, amantes del cuidado y del bienestar o simples curiosos de esta maravillosa narraci&#xF3;n que se viene tejiendo desde los albores de la humanidad y que, hoy por hoy, seguimos construyendo porque no existe mayor riqueza que la vida... Tomado de: https://acortar.link/VmZz9K</subfield>
  </datafield>
  <datafield tag="650" ind1="1" ind2="4">
    <subfield code="a">Salud ocupacional - Historia - Colombia  </subfield>
    <subfield code="2">LEMB</subfield>
  </datafield>
  <datafield tag="650" ind1="1" ind2="4">
    <subfield code="a">Riesgos profesionales</subfield>
    <subfield code="2">LEMB</subfield>
  </datafield>
  <datafield tag="650" ind1="1" ind2="4">
    <subfield code="a">Seguridad industrial</subfield>
    <subfield code="2">LEMB</subfield>
  </datafield>
  <datafield tag="942" ind1=" " ind2=" ">
    <subfield code="2">ddc</subfield>
    <subfield code="c">BK</subfield>
    <subfield code="n">0</subfield>
  </datafield>
  <datafield tag="952" ind1=" " ind2=" ">
    <subfield code="0">0</subfield>
    <subfield code="1">0</subfield>
    <subfield code="2">ddc</subfield>
    <subfield code="4">0</subfield>
    <subfield code="7">0</subfield>
    <subfield code="8">GEN</subfield>
    <subfield code="a">BRC</subfield>
    <subfield code="b">BRC</subfield>
    <subfield code="c">GEN</subfield>
    <subfield code="d">2024-07-21</subfield>
    <subfield code="e">Donaci&#xF3;n</subfield>
    <subfield code="l">0</subfield>
    <subfield code="o">363.11 A596a</subfield>
    <subfield code="p">62077</subfield>
    <subfield code="r">2025-07-21 16:54:19</subfield>
    <subfield code="t">Ej. 1</subfield>
    <subfield code="w">2025-07-21</subfield>
    <subfield code="y">BK</subfield>
  </datafield>
  <datafield tag="999" ind1=" " ind2=" ">
    <subfield code="c">61056</subfield>
    <subfield code="d">61056</subfield>
  </datafield>
</record>
